Statystyki dla QUEBONAFIDE DOKOŃCZ WERS - ROMANTIC PSYCHO

Kliknij tutaj aby rozwiązać quiz!

Ogólne statystyki

  • Ten quiz został rozwiązany 361 razy
  • Średni wynik to 4 z 11

Statystyki odpowiedzi

HintOdpowiedź% Poprawnych
Czekam aż szepnie zdanie:Tęsknię za starym Kanye
80%
Narkotyk miękki jak sofa (ASPARTAM)Mam czerwone gały, no bo wpadłaś mi do oka
59%
Tęsknię za stertą rozrzuconych koszul (BUBBLETEA)Za rapowaniem do utraty głosu
58%
Siedzimy w Emirates, na jednym z lepszych miejsc może to śmieszny flex (AJETLAGTOMÓJNOWYDRAG)Dwa telefony w dłoni trzymam tak jak Kevin Gates
37%
Skończyłem trasę Eko, chciałem tylko wieczny detoks (ROMANTICPSYCHO)Śmierdzieliśmy groszem, wszędzie ten przeklęty fetor
36%
Szczeniaku, życie to nie jest Wall Street (JESIEŃ)Wydałem ten twój łańcuch na książki
32%
Spytała mnie co następne mam w planie (ŚWIATTOMÓJPLACZABAW)Już nic poza wymyślaniem nowych marzeń
31%
Życie to nie złote globy i nikt ci się nie ukłoni (ZŁOTEGLOBY)Mój ziomek opierdolił papier nie wie na czym stoi
23%
Muszę wyłączyć się i wyjść na rower albo jogę (SZUBIENICAPESTYCYDYBROŃ)Głupie myśli w głowie, leci Cobain i Night Lovell
22%
Mówiłem "kocham" w życiu te pięć razy, może mniej (NIEPŁACZĘPONOTREDAME)Ona działa jak ecstasy, więc jest pewnie trochę lżej
17%
Poczucie winy wysyła do mnie złe znaki jak Syny (ŁAJZA)Znam miejsca w których uczucia są brudne
9%

Rozkład punktacji

Percentyl według liczby udzielonych odpowiedzi

Procent ludzi z każdym wynikiem

Twoja historia wyników

Nie rozwiązałeś tego quizu